| 000 | 01152nam a2200301Ia 4500 | ||
|---|---|---|---|
| 003 | OSt | ||
| 005 | 20221007123819.0 | ||
| 006 | a|||||r|||| 00| 0 | ||
| 007 | ta | ||
| 008 | 221006b |||||||| |||| 00| 0 eng d | ||
| 020 |
_a9780471464839 (hbd) _cRs.4061.31 |
||
| 024 | _a79083 | ||
| 037 |
_bEBA/501/2007-08/8, 04/10/2007, Educational Book Agency (India) _cTextbook |
||
| 040 |
_aCDL _cCDL _beng |
||
| 041 |
_2eng _aeng |
||
| 082 | _aEM, P7-;1 Carc | ||
| 100 |
_aMarusak Rosemary A _9717910 |
||
| 245 | 0 |
_aIntegrated approach to coordination chemistry: an inorganic laboratory guide _b Doan Kate Cummings Scott D |
|
| 260 |
_aNew _bJersey John Wiley _c2007 |
||
| 300 |
_axxi, 266p. _ccm. |
||
| 500 | _aIncludes bibliographical references.; Appendix 1-6, 230-289p; Index 260-266p. | ||
| 650 |
_a Coordination chemistry _9717911 |
||
| 650 | _aChemistry | ||
| 700 |
_a Cummings Scott D _9717912 |
||
| 700 |
_a Doan Kate _9717913 |
||
| 942 |
_hEM, P7-;1 Carc _cTB _2CC |
||
| 999 |
_c1212511 _d1212511 |
||